<?xml version="1.0" encoding="UTF-8"?>
<record
    xmlns:xsi="http://www.w3.org/2001/XMLSchema-instance"
    xsi:schemaLocation="http://www.loc.gov/MARC21/slim http://www.loc.gov/standards/marcxml/schema/MARC21slim.xsd"
    xmlns="http://www.loc.gov/MARC21/slim">

  <leader>03874cam a22004574a 4500</leader>
  <controlfield tag="001">13721656</controlfield>
  <controlfield tag="003">OSt</controlfield>
  <controlfield tag="005">20230920131438.0</controlfield>
  <controlfield tag="008">040916s2005    nyu      b    001 0 eng  </controlfield>
  <datafield tag="010" ind1=" " ind2=" ">
    <subfield code="a">  2004021793</subfield>
  </datafield>
  <datafield tag="015" ind1=" " ind2=" ">
    <subfield code="a">GBA483640</subfield>
    <subfield code="2">bnb</subfield>
  </datafield>
  <datafield tag="016" ind1="7" ind2=" ">
    <subfield code="a">013045694</subfield>
    <subfield code="2">Uk</subfield>
  </datafield>
  <datafield tag="020" ind1=" " ind2=" ">
    <subfield code="a">0415341086 (pbk.)</subfield>
  </datafield>
  <datafield tag="020" ind1=" " ind2=" ">
    <subfield code="a">9780415341080 (pbk.)</subfield>
  </datafield>
  <datafield tag="020" ind1=" " ind2=" ">
    <subfield code="a">9780367614621</subfield>
  </datafield>
  <datafield tag="020" ind1=" " ind2=" ">
    <subfield code="a">0415341078 (hardcover)</subfield>
  </datafield>
  <datafield tag="020" ind1=" " ind2=" ">
    <subfield code="a">9780415341073 (hardcover)</subfield>
  </datafield>
  <datafield tag="035" ind1=" " ind2=" ">
    <subfield code="a">(OCoLC)ocm56559380</subfield>
  </datafield>
  <datafield tag="035" ind1=" " ind2=" ">
    <subfield code="a">(OCoLC)56559380</subfield>
  </datafield>
  <datafield tag="040" ind1=" " ind2=" ">
    <subfield code="a">DLC</subfield>
    <subfield code="c">DLC</subfield>
    <subfield code="d">BAKER</subfield>
    <subfield code="d">C#P</subfield>
    <subfield code="d">UKM</subfield>
    <subfield code="d">PUL</subfield>
    <subfield code="d">PMC</subfield>
    <subfield code="d">NLGGC</subfield>
    <subfield code="d">YDXCP</subfield>
    <subfield code="d">OCLCQ</subfield>
    <subfield code="d">LVB</subfield>
    <subfield code="d">DLC</subfield>
  </datafield>
  <datafield tag="042" ind1=" " ind2=" ">
    <subfield code="a">pcc</subfield>
  </datafield>
  <datafield tag="050" ind1="0" ind2="0">
    <subfield code="a">D13</subfield>
    <subfield code="b">.P73 2005</subfield>
  </datafield>
  <datafield tag="082" ind1="0" ind2="0">
    <subfield code="a">907.2</subfield>
    <subfield code="b">SPI/P</subfield>
  </datafield>
  <datafield tag="084" ind1=" " ind2=" ">
    <subfield code="a">15.02</subfield>
    <subfield code="2">bcl</subfield>
  </datafield>
  <datafield tag="245" ind1="0" ind2="0">
    <subfield code="a">Practicing history :</subfield>
    <subfield code="b">new directions in historical writing after the linguistic turn /</subfield>
    <subfield code="c">edited by Gabrielle M. Spiegel.</subfield>
  </datafield>
  <datafield tag="260" ind1=" " ind2=" ">
    <subfield code="a">New York :</subfield>
    <subfield code="b">Routledge,</subfield>
    <subfield code="c">2005.</subfield>
  </datafield>
  <datafield tag="300" ind1=" " ind2=" ">
    <subfield code="a">xiv, 274 p. ;</subfield>
    <subfield code="c">24 cm.</subfield>
  </datafield>
  <datafield tag="440" ind1=" " ind2="0">
    <subfield code="a">Rewriting histories</subfield>
  </datafield>
  <datafield tag="504" ind1=" " ind2=" ">
    <subfield code="a">Includes bibliographical references (p. 262-268) and index.</subfield>
  </datafield>
  <datafield tag="505" ind1="0" ind2=" ">
    <subfield code="a">Is all the world a text? From social history to the history of society two decades later / Geoff Eley -- The determinist fix : some obstacles to the further development of the linguistic approach to history in the 1990s / Gareth Stedman Jones -- The concept(s) of culture / William H. Sewell, Jr. -- Agency in the discursive condition / Elizabeth Deeds Ermarth -- Individual experience and cultural order / Marshall Sahlins -- The constitution of society : outline of the theory of structuration : elements of the theory of structuration / Anthony Giddens -- A theory of structure : duality, agency and transformation / William H. Sewell, Jr. -- How to be an intentionalist / Mark Bevir -- Outline of the theory of practice : structures and the habitus / Pierre Bourdieu -- The evidence of experience / Joan Scott -- The practice of everyday life : "making do" : uses and tactics / Michel de Certeau -- Language and the shift from signs to practices in cultural inquiry / Richard Biernacki -- Toward a theory of social practices : a development in culturalist theorizing / Andreas Reckwitz.</subfield>
  </datafield>
  <datafield tag="520" ind1=" " ind2=" ">
    <subfield code="a">"Gabrielle Spiegel presents an essential new collection of key articles that examine the current status of the debate over the 'linguistic turn', and attempt to rethink the practice of history in light of its implications. These are writings that operate within the framework of the linguistic turn, yet seek to move beyond its initial formulation and reception. The volume offers a synoptic overview of the last twenty-five years of theoretical analysis of historical writing, with a critical examination of the key concepts and positions that have been in debate. This collection delineates the emergence of a new 'practice theory' as a possible paradigm for future historical interpretation concerned with questions of agency, experience and the subject. Articles drawn from a mix of critical thinkers and practicing historians are drawn together along with clear and thorough editorial material. Complex ideas at the forefront of historical practice are revealed and made accessible to students, while for their teachers and other historians this new survey is an indispensable and timely read"--Provided by publisher.</subfield>
  </datafield>
  <datafield tag="650" ind1=" " ind2="0">
    <subfield code="a">Historiography.</subfield>
  </datafield>
  <datafield tag="650" ind1=" " ind2="0">
    <subfield code="a">Language and history.</subfield>
  </datafield>
  <datafield tag="650" ind1=" " ind2="0">
    <subfield code="a">Writing</subfield>
    <subfield code="x">History.</subfield>
  </datafield>
  <datafield tag="700" ind1="1" ind2=" ">
    <subfield code="a">Spiegel, Gabrielle M.</subfield>
    <subfield code="9">9529</subfield>
  </datafield>
  <datafield tag="856" ind1="4" ind2="1">
    <subfield code="3">Table of contents</subfield>
    <subfield code="u">http://www.loc.gov/catdir/toc/ecip051/2004021793.html</subfield>
  </datafield>
  <datafield tag="856" ind1="4" ind2="2">
    <subfield code="3">Publisher description</subfield>
    <subfield code="u">http://www.loc.gov/catdir/enhancements/fy0710/2004021793-d.html</subfield>
  </datafield>
  <datafield tag="906" ind1=" " ind2=" ">
    <subfield code="a">7</subfield>
    <subfield code="b">cbc</subfield>
    <subfield code="c">orignew</subfield>
    <subfield code="d">1</subfield>
    <subfield code="e">ecip</subfield>
    <subfield code="f">20</subfield>
    <subfield code="g">y-gencatlg</subfield>
  </datafield>
  <datafield tag="942" ind1=" " ind2=" ">
    <subfield code="2">ddc</subfield>
    <subfield code="c">BK</subfield>
    <subfield code="h">907.2</subfield>
    <subfield code="i">SPI/P</subfield>
    <subfield code="k">907.2</subfield>
    <subfield code="m">SPI/P</subfield>
  </datafield>
  <datafield tag="952" ind1=" " ind2=" ">
    <subfield code="0">0</subfield>
    <subfield code="1">0</subfield>
    <subfield code="2">ddc</subfield>
    <subfield code="4">0</subfield>
    <subfield code="7">0</subfield>
    <subfield code="8">HISTORY</subfield>
    <subfield code="a">MES</subfield>
    <subfield code="b">MES</subfield>
    <subfield code="c">HIS</subfield>
    <subfield code="d">2023-09-20</subfield>
    <subfield code="l">0</subfield>
    <subfield code="o">907.2 SPI/P</subfield>
    <subfield code="p">42581</subfield>
    <subfield code="r">2023-09-20 13:13:51</subfield>
    <subfield code="v">1095.00</subfield>
    <subfield code="w">2023-09-20</subfield>
    <subfield code="y">BK</subfield>
    <subfield code="z">GL42R3</subfield>
  </datafield>
  <datafield tag="999" ind1=" " ind2=" ">
    <subfield code="c">42273</subfield>
    <subfield code="d">42273</subfield>
  </datafield>
</record>
